000
00205nam a22000857a 4500
008
161017b xxu||||| |||| 00| 0 eng d
100
_9
867
_a
NCERT
245
_a
Biology-Class-XI
260
_a
New Delhi
_b
NCERT
_c
2006
999
_c
3520
_d
3520